[Event "XLI C.to Italiano a squadre Master"]
[Site "Senigallia ITA"]
[Date "2009.05.01"]
[Round "3"]
[White "Martorelli, Antonio"]
[Black "Brunello, Sabino"]
[Result "0-1"]
[WhiteElo "2236"]
[BlackElo "2477"]
[PlyCount "57"]
[EventDate "2009.04.30"]

1. e4 e5 2. Nf3 Nc6 3. Bc4 Bc5 4. O-O Nf6 5. d4 Bxd4 6. Nxd4 Nxd4 7. f4 d6 8.
fxe5 dxe5 9. Bg5 Be6 10. Na3 Qe7 11. c3 Bxc4 12. Bxf6 gxf6 13. Nxc4 Ne6 14. b4
Rg8 15. Ne3 Nf4 16. Rf3 Rd8 17. Qe1 Qd7 18. Rg3 Rg6 19. Rxg6 hxg6 20. g3 Nh3+
21. Kg2 c6 22. Rd1 Qe6 23. Rxd8+ Kxd8 24. Qd2+ Kc7 25. Nd1 Qg4 26. Ne3 Qe6 27.
Qe2 Ng5 28. Ng4 f5 29. Nf2 0-1

[Event "XLI C.to Italiano a squadre Master"]
[Site "Senigallia ITA"]
[Date "2009.05.01"]
[Round "3"]
[White "Mazzilli, Piero"]
[Black "Delorme, Axel"]
[Result "1/2-1/2"]
[WhiteElo "2326"]
[BlackElo "2394"]
[PlyCount "23"]
[EventDate "2009.04.30"]

1. c4 e6 2. Nc3 Nf6 3. d4 Bb4 4. Qc2 O-O 5. a3 Bxc3+ 6. Qxc3 b6 7. f3 Nh5 8. g3
f5 9. Nh3 Bb7 10. Bg2 Qe7 11. O-O Nf6 12. b4 1/2-1/2

[Event "XLI C.to Italiano a squadre Master"]
[Site "Senigallia ITA"]
[Date "2009.05.01"]
[Round "3"]
[White "Napoli, Nicolo'"]
[Black "Garcia Palermo, Carlos Horacio"]
[Result "1-0"]
[WhiteElo "2353"]
[BlackElo "2484"]
[PlyCount "104"]
[EventDate "2009.04.30"]

1. g3 d5 2. Bg2 e5 3. d4 exd4 4. Qxd4 Nf6 5. Nf3 Nc6 6. Qd3 Bc5 7. O-O Ne4 8.
a3 O-O 9. c4 Be6 10. b4 Qf6 11. Ra2 Bxf2+ 12. Rxf2 Nxf2 13. Kxf2 Bf5 14. Qb3
dxc4 15. Qb2 Bxb1 16. Qxb1 Ne5 17. Qe4 Rfe8 18. Qf4 Qb6+ 19. Kf1 Nxf3 20. Bxf3
Rad8 21. Rc2 Rd4 22. Qg5 Rd1+ 23. Kg2 Rg1+ 24. Kh3 Qe6+ 25. Qg4 b5 26. Qxe6
Rxe6 27. Bf4 c6 28. Bg4 Re7 29. Bd6 Re8 30. Bc5 Rd1 31. Bf3 Re6 32. Bxa7 f5 33.
Bc5 g5 34. g4 f4 35. a4 bxa4 36. Rxc4 a3 37. Rc2 Rb1 38. Ra2 Rb3 39. Kg2 Kf7
40. Kf2 Ke8 41. h3 Rc3 42. Bd4 Rc4 43. Ba7 Rc3 44. Ra1 Rh6 45. Bg2 Kd7 46. Bd4
Rb3 47. Bc5 Kc7 48. Ke1 f3 49. Bxf3 Rxh3 50. Kd2 Kb7 51. Be3 h5 52. b5 Rxe3 1-0

[Event "XLI C.to Italiano a squadre Master"]
[Site "Senigallia ITA"]
[Date "2009.05.01"]
[Round "3"]
[White "Ninov, Nikolai Ivanov"]
[Black "Genocchio, Daniele"]
[Result "1/2-1/2"]
[WhiteElo "2528"]
[BlackElo "2445"]
[PlyCount "89"]
[EventDate "2009.04.30"]

1. e4 c6 2. d4 g6 3. Nc3 d6 4. f4 d5 5. e5 h5 6. Nf3 Bg4 7. h3 Bxf3 8. Qxf3 e6
9. g3 c5 10. dxc5 Bxc5 11. Bd2 Ne7 12. Na4 Nd7 13. c4 Rc8 14. Rc1 Bb6 15. b4
dxc4 16. Bxc4 Nf5 17. Rh2 O-O 18. Rg2 Rc7 19. Bd3 Bd4 20. Bxf5 exf5 21. Qd5
Nxe5 22. Qxd8 Nd3+ 23. Kf1 Rxc1+ 24. Bxc1 Rxd8 25. Ba3 b5 26. Nc5 Bxc5 27. bxc5
b4 28. Rd2 bxa3 29. h4 Rc8 30. Rxd3 Rxc5 31. Rxa3 Rc7 32. Ke2 Rd7 33. Rd3 Re7+
34. Kd2 Kf8 35. Rd8+ Kg7 36. Rd3 Kf6 37. Ra3 Ke6 38. Re3+ Kd7 39. Rxe7+ Kxe7
40. Kc3 Kd7 41. Kb4 Kd6 42. Kc4 a6 43. Kd4 f6 44. Kc4 Kc6 45. a4 1/2-1/2

[Event "XLI C.to Italiano a squadre Master"]
[Site "Senigallia ITA"]
[Date "2009.05.01"]
[Round "3"]
[White "Piscopo, Pierluigi"]
[Black "Bonafede, Alessandro"]
[Result "1-0"]
[WhiteElo "2405"]
[BlackElo "2289"]
[PlyCount "83"]
[EventDate "2009.04.30"]

1. e4 c5 2. Nf3 Nc6 3. d4 cxd4 4. Nxd4 Nf6 5. Nc3 e5 6. Ndb5 d6 7. Bg5 a6 8.
Na3 b5 9. Bxf6 gxf6 10. Nd5 Bg7 11. c3 f5 12. exf5 Bxf5 13. Nc2 Be6 14. Nce3
Ne7 15. a4 Nxd5 16. Nxd5 O-O 17. Be2 Rc8 18. axb5 Rc5 19. Bf3 e4 20. Bxe4 Bxd5
21. Bxd5 Qe8+ 22. Kf1 Qxb5+ 23. c4 Qxb2 24. Rb1 Qa2 25. h4 a5 26. Rh3 a4 27.
Rf3 Bb2 28. Kg1 a3 29. Rb3 Re8 30. Qc2 Re2 31. Rb8+ Kg7 32. Qf5 Rxd5 33. cxd5
Re5 34. Qg4+ Kf6 35. Rd1 Rxd5 36. Qf3+ Rf5 37. Rxd6+ Ke7 38. Qxf5 Kxd6 39. Rb6+
Ke7 40. Rb7+ Kf8 41. Rb8+ Ke7 42. Qc5+ 1-0

[Event "XLI C.to Italiano a squadre Master"]
[Site "Senigallia ITA"]
[Date "2009.05.01"]
[Round "3"]
[White "Rombaldoni, Axel"]
[Black "Ramondino, Renzo"]
[Result "1-0"]
[WhiteElo "2363"]
[BlackElo "2259"]
[PlyCount "81"]
[EventDate "2009.04.30"]

1. e4 c5 2. Nf3 d6 3. d4 cxd4 4. Qxd4 a6 5. c4 Nc6 6. Qe3 Nf6 7. h3 b6 8. Be2
Bb7 9. Nc3 e6 10. O-O Be7 11. Rd1 Qc7 12. b3 Ne5 13. Nd4 O-O 14. Bb2 Rfe8 15.
Rac1 Rad8 16. Kh1 Bf8 17. Re1 g6 18. f4 Ned7 19. Nf3 Bh6 20. Ng5 Qc5 21. Qd2 e5
22. Bd3 exf4 23. Nf3 Qh5 24. Nd5 Bxd5 25. cxd5 Ne5 26. Bxe5 dxe5 27. Rc6 Ng4
28. Bxa6 Ne3 29. Be2 f5 30. Nh2 Qg5 31. Bf3 fxe4 32. Bxe4 Qg3 33. Nf3 Bf8 34.
Rg1 Bc5 35. d6 Bd4 36. Rgc1 Re6 37. Nxd4 exd4 38. Qxd4 Nf5 39. Qd5 Ng7 40. d7
f3 41. Bxf3 1-0

[Event "XLI C.to Italiano a squadre Master"]
[Site "Senigallia ITA"]
[Date "2009.05.01"]
[Round "3"]
[White "Rombaldoni, Denis"]
[Black "Palac, Mladen"]
[Result "1/2-1/2"]
[WhiteElo "2442"]
[BlackElo "2571"]
[PlyCount "41"]
[EventDate "2009.04.30"]

1. e4 c5 2. Nf3 d6 3. d4 cxd4 4. Nxd4 Nf6 5. Nc3 a6 6. h3 e6 7. g4 d5 8. exd5
Nxd5 9. Nde2 Bb4 10. Bg2 O-O 11. O-O Nxc3 12. Nxc3 Qc7 13. Ne4 Bd7 14. c3 Be7
15. Bg5 Bxg5 16. Nxg5 h6 17. Ne4 Bc6 18. Qd6 Rc8 19. Rfd1 Nd7 20. Rd4 e5 21.
Rd2 1/2-1/2

[Event "XLI C.to Italiano a squadre Master"]
[Site "Senigallia ITA"]
[Date "2009.05.01"]
[Round "3"]
[White "Romero Holmes, Alfonso"]
[Black "Mantovani, Renzo"]
[Result "1-0"]
[WhiteElo "2526"]
[BlackElo "2342"]
[PlyCount "119"]
[EventDate "2009.04.30"]

1. d4 Nf6 2. Nf3 e6 3. g3 b6 4. Bg2 Bb7 5. c4 c5 6. d5 exd5 7. Nh4 g6 8. Nc3
Bg7 9. O-O Na6 10. cxd5 d6 11. Qa4+ Qd7 12. Qxd7+ Kxd7 13. Bf4 Nc7 14. e4 Rad8
15. Rad1 Kc8 16. e5 dxe5 17. Bxe5 Nfe8 18. Rfe1 Bxe5 19. Rxe5 Nd6 20. Bh3+ Kb8
21. Bf1 Rhe8 22. f4 f6 23. Re2 Ba6 24. Rxe8 Rxe8 25. Bxa6 Nxa6 26. Kf2 Kc8 27.
Ng2 Nc7 28. a4 Kd7 29. Ne3 Ne4+ 30. Kf3 Nd6 31. b3 Re7 32. g4 Nce8 33. h4 a6
34. g5 f5 35. h5 Ng7 36. hxg6 hxg6 37. Nc4 Nxc4 38. bxc4 Ne8 39. a5 Nd6 40.
axb6 Nxc4 41. b7 Re8 42. Re1 Rb8 43. Re6 Rxb7 44. Na4 Rb5 45. Rxg6 Nd6 46. Rg7+
Ke8 47. Rc7 Rb3+ 48. Kg2 Rb4 49. Nxc5 Rxf4 50. Ne6 Rg4+ 51. Kf3 Ne4 52. Ng7+
Kd8 53. Ne6+ Ke8 54. Rg7 a5 55. g6 a4 56. Nc7+ Kf8 57. Rf7+ Kg8 58. Rxf5 Rh4
59. Ne6 Nd2+ 60. Kg3 1-0

[Event "XLI C.to Italiano a squadre Master"]
[Site "Senigallia ITA"]
[Date "2009.05.01"]
[Round "3"]
[White "Rusev, Krasimir"]
[Black "Godena, Michele"]
[Result "1/2-1/2"]
[WhiteElo "2498"]
[BlackElo "2538"]
[PlyCount "54"]
[EventDate "2009.04.30"]

1. d4 d5 2. c4 e6 3. Nf3 Nf6 4. Nc3 c6 5. Bg5 h6 6. Bxf6 Qxf6 7. Qc2 Nd7 8. e4
dxc4 9. Bxc4 e5 10. O-O Be7 11. d5 O-O 12. dxc6 bxc6 13. Nd1 Rb8 14. Ne3 Nc5
15. Rfe1 Re8 16. Rad1 Bf8 17. Nd2 Ne6 18. Bxe6 Qxe6 19. Ra1 Rd8 20. Nb3 Ba6 21.
Red1 Bb5 22. Qc3 Rxd1+ 23. Rxd1 Ba4 24. Rd3 Bb5 25. Rd1 Ba4 26. Rd3 Bb5 27. Rd1
Ba4 1/2-1/2

[Event "XLI C.to Italiano a squadre Master"]
[Site "Senigallia ITA"]
[Date "2009.05.01"]
[Round "3"]
[White "Stangl, Markus"]
[Black "Ronchetti, Niccolo'"]
[Result "0-1"]
[WhiteElo "2458"]
[BlackElo "2420"]
[PlyCount "100"]
[EventDate "2009.04.30"]

1. Nf3 c5 2. c4 Nf6 3. Nc3 Nc6 4. d4 cxd4 5. Nxd4 e6 6. Bg5 Qb6 7. Nb3 Be7 8.
e3 O-O 9. Be2 Rd8 10. O-O d5 11. cxd5 Nxd5 12. Bxe7 Ndxe7 13. Qc2 e5 14. Bc4
Bf5 15. Qe2 e4 16. Na4 Qb4 17. Nac5 Ne5 18. Rfc1 Rac8 19. Rc3 Qb6 20. Qh5 Qf6
21. Be2 Nd5 22. Rcc1 b6 23. Na4 g6 24. Qh6 Bg4 25. Re1 Rc2 26. Nd4 Bxe2 27.
Nxc2 Ng4 28. Qh3 Qxf2+ 29. Kh1 Qxe1+ 30. Rxe1 Nf2+ 31. Kg1 Nxh3+ 32. gxh3 Bb5
33. Nc3 Nxc3 34. bxc3 Rd2 35. Nd4 Bd7 36. Re2 Rd3 37. h4 Rxc3 38. Kf2 Kg7 39.
Kg3 f5 40. Kf4 Kf6 41. Rg2 h6 42. Rg1 Ra3 43. Rg2 Ba4 44. h3 Bd7 45. Nb3 Be6
46. Nd4 Rxa2 47. Rg1 Bc4 48. Rb1 Ra3 49. Rg1 Ra2 50. Rb1 Rg2 0-1

[Event "XLI C.to Italiano a squadre Master"]
[Site "Senigallia ITA"]
[Date "2009.05.01"]
[Round "3"]
[White "Vezzosi, Paolo"]
[Black "Malloni, Marcello"]
[Result "0-1"]
[WhiteElo "2363"]
[BlackElo "2278"]
[PlyCount "68"]
[EventDate "2009.04.30"]

1. d4 Nf6 2. c4 e6 3. Nf3 d5 4. Nc3 Bb4 5. a3 Bxc3+ 6. bxc3 c5 7. e3 O-O 8. Bd3
b6 9. O-O Ba6 10. cxd5 Bxd3 11. Qxd3 exd5 12. dxc5 bxc5 13. c4 dxc4 14. Qxc4
Qd5 15. Qf4 Nbd7 16. Bd2 Ne4 17. Rfd1 Ndf6 18. Ba5 Qb3 19. Rdc1 Rac8 20. h4
Rfe8 21. Ng5 c4 22. Nxe4 Nxe4 23. Bb4 c3 24. f3 Nf6 25. Rab1 Qa2 26. e4 c2 27.
Ra1 Qc4 28. Qe3 a6 29. Be1 Red8 30. a4 Rd3 31. Qf2 h6 32. a5 Nd7 33. Qe2 Ne5
34. Bg3 Rd1+ 0-1

[Event "XLI C.to Italiano a squadre Master"]
[Site "Senigallia ITA"]
[Date "2009.05.01"]
[Round "3"]
[White "Vocaturo, Daniele"]
[Black "Zimina, Olga"]
[Result "1-0"]
[WhiteElo "2480"]
[BlackElo "2330"]
[PlyCount "121"]
[EventDate "2009.04.30"]

1. d4 d5 2. Bf4 Nf6 3. e3 Bf5 4. c4 c6 5. Nc3 e6 6. Qb3 Qc8 7. Rc1 Be7 8. Nf3
O-O 9. h3 Nbd7 10. Be2 a6 11. O-O dxc4 12. Bxc4 b5 13. Be2 c5 14. a4 c4 15. Qa2
Nd5 16. Nxd5 exd5 17. Nd2 Qc6 18. Bf3 Bd6 19. Bxd6 Qxd6 20. b3 Bd3 21. Rfe1 Nf6
22. Nb1 Qb4 23. bxc4 Bxc4 24. Qa3 Qxa4 25. Qxa4 bxa4 26. Nc3 a3 27. Ra1 a2 28.
Nxa2 Rab8 29. Nc3 g6 30. Ra5 Rfd8 31. Be2 Bxe2 32. Nxe2 Rd6 33. Rea1 Rbb6 34.
Nf4 Kf8 35. g4 h6 36. R1a2 Ke8 37. Nd3 Ne4 38. Kg2 Nc3 39. Rc2 Nb5 40. Rc5 Kd7
41. Ra1 Rb7 42. h4 Rc7 43. Nb4 Ke6 44. Nxa6 Ra7 45. Rxb5 Rdxa6 46. Rxa6+ Rxa6
47. Rb8 Kf6 48. Rh8 Kg7 49. Rd8 Ra5 50. g5 hxg5 51. hxg5 Rb5 52. Kg3 Ra5 53.
Rc8 Ra7 54. Rc5 Rd7 55. Kf4 f6 56. gxf6+ Kxf6 57. Rc6+ Kg7 58. Kg5 Kf7 59. Rf6+
Ke7 60. Kxg6 Rd8 61. Kf5 1-0

[Event "XLI C.to Italiano a squadre Master"]
[Site "Senigallia ITA"]
[Date "2009.05.01"]
[Round "3"]
[White "Xia, Jie"]
[Black "Sarno, Spartaco"]
[Result "1/2-1/2"]
[WhiteElo "2224"]
[BlackElo "2332"]
[PlyCount "51"]
[EventDate "2009.04.30"]

1. e4 d6 2. d4 Nf6 3. Nc3 g6 4. f4 Bg7 5. Nf3 O-O 6. Bd3 Na6 7. O-O c5 8. d5
Bg4 9. h3 Bxf3 10. Qxf3 Nb4 11. a3 Nxd3 12. Qxd3 Nd7 13. Be3 a6 14. Kh1 b5 15.
e5 dxe5 16. f5 e4 17. Nxe4 c4 18. Qd2 Bxb2 19. c3 Bxa1 20. Bd4 e5 21. f6 exd4
22. Qh6 Nxf6 23. Rxf6 Re8 24. Rxf7 Kxf7 25. Qxh7+ Kf8 26. Qh8+ 1/2-1/2

[Event "XLI C.to Italiano a squadre Master"]
[Site "Senigallia ITA"]
[Date "2009.05.01"]
[Round "4"]
[White "Bellini, Fabio"]
[Black "Efimov, Igor"]
[Result "1/2-1/2"]
[WhiteElo "2486"]
[BlackElo "2439"]
[PlyCount "183"]
[EventDate "2009.04.30"]

1. e4 e6 2. d3 d5 3. Qe2 Nf6 4. Nf3 Be7 5. e5 Nfd7 6. g3 c5 7. Bg2 Nc6 8. c4
dxc4 9. dxc4 Qc7 10. Bf4 Nd4 11. Nxd4 cxd4 12. h4 Bb4+ 13. Nd2 Qa5 14. O-O Bxd2
15. Bxd2 Qxe5 16. Qd3 O-O 17. Bb4 Rd8 18. Be7 Re8 19. Rfe1 Qc7 20. Ba3 Nf8 21.
Qxd4 Bd7 22. Bd6 Qc8 23. Rad1 Bc6 24. Bh3 Qd8 25. Qe3 Qf6 26. Be5 Qf3 27. Qxf3
Bxf3 28. Rd3 Bc6 29. Red1 Rac8 30. Bd6 Nd7 31. b3 Nf6 32. Be5 Ne4 33. Bg2 a5
34. Re3 Nc5 35. Bc3 Bxg2 36. Kxg2 a4 37. b4 Na6 38. Rd4 Rc7 39. Rg4 f6 40. Bxf6
Nxb4 41. Be5 Rd7 42. c5 Nc6 43. Rxa4 Nxe5 44. Rxe5 Rd2 45. Rae4 Rxa2 46. Rxe6
Rf8 47. Re2 Rxe2 48. Rxe2 Rc8 49. Re7 Rxc5 50. Rxb7 h6 51. Kf3 Rf5+ 52. Ke3 Kh7
53. g4 Ra5 54. h5 Ra3+ 55. Kf4 Ra4+ 56. Kg3 Rc4 57. Rb8 g5 58. hxg6+ Kxg6 59.
Rb6+ Kg7 60. f3 Rc3 61. Re6 Kh7 62. Kf4 Kg7 63. Ke4 Rc4+ 64. Kf5 Rc5+ 65. Re5
Rc7 66. f4 Rf7+ 67. Ke4 Ra7 68. Rd5 Re7+ 69. Kf5 Rf7+ 70. Ke4 Re7+ 71. Kf3 Ra7
72. f5 Ra6 73. Kg3 Ra1 74. Rd7+ Kg8 75. Rb7 Rf1 76. Rc7 Kh8 77. Rc4 Kg7 78. Kg2
Ra1 79. Kf3 Rf1+ 80. Ke4 Re1+ 81. Kf4 Rf1+ 82. Ke5 Re1+ 83. Re4 Ra1 84. Rd4
Re1+ 85. Kf4 Ra1 86. Rd7+ Kg8 87. Ke5 Ra4 88. g5 hxg5 89. Kf6 Ra6+ 90. Kxg5 Kf8
91. Rb7 Rc6 92. Rb8+ 1/2-1/2

[Event "XLI C.to Italiano a squadre Master"]
[Site "Senigallia ITA"]
[Date "2009.05.01"]
[Round "4"]
[White "Bentivegna, Francesco"]
[Black "Mazzilli, Piero"]
[Result "0-1"]
[WhiteElo "2326"]
[BlackElo "2326"]
[PlyCount "67"]
[EventDate "2009.04.30"]

1. e4 c5 2. Nf3 d6 3. d4 Nf6 4. Nc3 cxd4 5. Nxd4 a6 6. h3 e6 7. g4 d5 8. exd5
Nxd5 9. Bd2 Nc6 10. Nxc6 bxc6 11. Bg2 Rb8 12. Na4 Bd6 13. c4 Nb4 14. Bc3 Be7
15. Qxd8+ Bxd8 16. Ke2 Bf6 17. a3 Nc2 18. Bxf6 gxf6 19. Bxc6+ Ke7 20. Rad1 e5
21. Be4 Nd4+ 22. Ke3 Bd7 23. Nc3 Rxb2 24. Rb1 Rhb8 25. Rxb2 Rxb2 26. Rb1 f5 27.
gxf5 Nxf5+ 28. Kd3 h6 29. Nd5+ Kd8 30. Bg2 Nd6 31. Kc3 Bf5 32. Bf1 Be4 33. Bd3
a5 34. f4 0-1

[Event "XLI C.to Italiano a squadre Master"]
[Site "Senigallia ITA"]
[Date "2009.05.01"]
[Round "4"]
[White "Caruana, Fabiano"]
[Black "Ninov, Nikolai Ivanov"]
[Result "1/2-1/2"]
[WhiteElo "2649"]
[BlackElo "2528"]
[PlyCount "37"]
[EventDate "2009.04.30"]

1. e4 c5 2. Nc3 Nc6 3. Nf3 g6 4. d4 cxd4 5. Nxd4 Bg7 6. Be3 Nf6 7. Bc4 O-O 8.
Bb3 d6 9. f3 Bd7 10. h4 h5 11. Qd2 Nxd4 12. Bxd4 b5 13. O-O-O a5 14. g4 e5 15.
Be3 a4 16. Bd5 b4 17. Bxa8 bxc3 18. Qxc3 Qxa8 19. gxh5 1/2-1/2

[Event "XLI C.to Italiano a squadre Master"]
[Site "Senigallia ITA"]
[Date "2009.05.01"]
[Round "4"]
[White "Di Paolo, Raffaele"]
[Black "Vezzosi, Paolo"]
[Result "0-1"]
[WhiteElo "2339"]
[BlackElo "2363"]
[PlyCount "60"]
[EventDate "2009.04.30"]

1. e4 c6 2. d4 d5 3. Nc3 dxe4 4. Nxe4 Bf5 5. Ng3 Bg6 6. h4 h6 7. Nf3 Nd7 8. h5
Bh7 9. Bd3 Bxd3 10. Qxd3 e6 11. Bd2 Ngf6 12. O-O-O Be7 13. Kb1 O-O 14. Rhe1 c5
15. d5 Nxd5 16. Ne4 N7f6 17. Ne5 Nxe4 18. Qxe4 Qc7 19. g4 Rad8 20. f4 Bf6 21.
c4 Nb6 22. g5 hxg5 23. h6 Rd4 24. hxg7 Rfd8 25. Qg2 Bxg7 26. Nf3 Qc6 27. Qxg5
Qxf3 28. Rg1 Qe4+ 29. Ka1 Qh7 30. f5 exf5 0-1

[Event "XLI C.to Italiano a squadre Master"]
[Site "Senigallia ITA"]
[Date "2009.05.01"]
[Round "4"]
[White "Dvirnyy, Danyyil"]
[Black "Brunello, Sabino"]
[Result "0-1"]
[WhiteElo "2459"]
[BlackElo "2477"]
[PlyCount "80"]
[EventDate "2009.04.30"]

1. e4 e5 2. Nf3 Nc6 3. Bb5 a6 4. Ba4 Nf6 5. Bxc6 dxc6 6. d3 Bd6 7. Nbd2 Be6 8.
Nf1 Qe7 9. Ng3 O-O-O 10. Bd2 g6 11. h3 Nd7 12. O-O h5 13. Qb1 Rdg8 14. Ng5 f6
15. Nxe6 Qxe6 16. b4 f5 17. Qb3 Qf6 18. f3 f4 19. Nh1 g5 20. Nf2 g4 21. fxg4
Qe7 22. c4 c5 23. Rab1 b6 24. b5 a5 25. Qd1 Nf6 26. g5 Rxg5 27. Nh1 Rhg8 28.
Rf2 Nd7 29. Rb2 Nf8 30. Be1 Ne6 31. Rf1 Qg7 32. Rff2 Qd7 33. Kh2 Be7 34. Bc3
Bd8 35. Rf3 Qg7 36. Qf1 Rg6 37. Rd2 Bh4 38. a4 Qf6 39. Qg1 Ng5 40. Rf1 Nxh3 0-1

[Event "XLI C.to Italiano a squadre Master"]
[Site "Senigallia ITA"]
[Date "2009.05.01"]
[Round "4"]
[White "Ferro, Mario"]
[Black "Amato, Andrea"]
[Result "1-0"]
[WhiteElo "2224"]
[BlackElo "2261"]
[PlyCount "99"]
[EventDate "2009.04.30"]

1. d4 d5 2. Nf3 Nf6 3. g3 c6 4. Bg2 Bf5 5. O-O e6 6. Nh4 Bg4 7. Qd3 Be7 8. h3
Bh5 9. g4 Bg6 10. Nxg6 hxg6 11. Nc3 Qc7 12. Re1 Nbd7 13. e4 dxe4 14. Nxe4 Nd5
15. Qg3 Qxg3 16. fxg3 N7f6 17. Nxf6+ gxf6 18. a3 O-O-O 19. Bf1 Bd6 20. Kg2 c5
21. c4 Ne7 22. dxc5 Bxc5 23. b4 Bd4 24. Ra2 Nc6 25. Rc2 f5 26. gxf5 gxf5 27. b5
Nb8 28. c5 Rd5 29. Bc4 Rxc5 30. Rd1 e5 31. Bb2 Rc7 32. Bxd4 exd4 33. Rxd4 Nd7
34. Bd3 Nc5 35. Bxf5+ Kb8 36. Rcd2 b6 37. Rd8+ Rxd8 38. Rxd8+ Kb7 39. h4 Re7
40. h5 Re2+ 41. Kh3 Re1 42. Kg4 Rh1 43. Rf8 Kc7 44. Rxf7+ Kd6 45. Kg5 Rg1 46.
g4 Rf1 47. Rxa7 Nb3 48. h6 Nd4 49. Rd7+ Ke5 50. Rxd4 1-0

[Event "XLI C.to Italiano a squadre Master"]
[Site "Senigallia ITA"]
[Date "2009.05.01"]
[Round "4"]
[White "Garcia Palermo, Carlos Horacio"]
[Black "Collutiis, Duilio"]
[Result "1/2-1/2"]
[WhiteElo "2484"]
[BlackElo "2451"]
[PlyCount "127"]
[EventDate "2009.04.30"]

1. Nf3 Nf6 2. d4 g6 3. c3 Bg7 4. Bg5 b6 5. Nbd2 Bb7 6. Bxf6 Bxf6 7. e4 d6 8. e5
dxe5 9. dxe5 Bg7 10. Bc4 Bd5 11. Qe2 O-O 12. O-O-O Nc6 13. h4 Bxc4 14. Nxc4 Qc8
15. Qe4 Qe6 16. Ng5 Bh6 17. Kc2 Bxg5 18. hxg5 f6 19. Rxh7 Kxh7 20. Rh1+ Kg7 21.
exf6+ Rxf6 22. gxf6+ Qxf6 23. f4 Qf5 24. Qxf5 gxf5 25. b4 a6 26. a4 Rh8 27.
Rxh8 Kxh8 28. Ne3 e6 29. g4 fxg4 30. Nxg4 Kg7 31. Kd3 Kf7 32. Ke4 Ke7 33. Ne5
Nd8 34. Kd4 Kd6 35. Nc4+ Ke7 36. Ne5 Kd6 37. Ke4 Ke7 38. c4 Nb7 39. Nd3 a5 40.
b5 Kd6 41. Kd4 c6 42. Ke4 Nd8 43. Ke3 Nf7 44. c5+ bxc5 45. b6 Nd8 46. Ne5 Kd5
47. Kd3 c4+ 48. Nxc4 Nb7 49. Ne5 Kc5 50. Nd7+ Kd6 51. Nf8 Nc5+ 52. Kd4 Nb7 53.
Ng6 c5+ 54. Ke4 Kc6 55. Ne5+ Kxb6 56. Nc4+ Kc6 57. Ke5 Kd7 58. Kf6 Nd8 59. Nxa5
Kd6 60. Nc4+ Kd5 61. Nb6+ Kc6 62. Nc4 Kd5 63. Nb6+ Kc6 64. Nc4 1/2-1/2

[Event "XLI C.to Italiano a squadre Master"]
[Site "Senigallia ITA"]
[Date "2009.05.01"]
[Round "4"]
[White "Ortega, Lexy"]
[Black "Caprio, Guido"]
[Result "1-0"]
[WhiteElo "2442"]
[BlackElo "2205"]
[PlyCount "49"]
[EventDate "2009.04.30"]

1. d4 Nf6 2. g3 c5 3. c3 d5 4. Bg2 e6 5. Nf3 Nc6 6. O-O Bd6 7. c4 dxc4 8. dxc5
Bxc5 9. Qxd8+ Kxd8 10. Nbd2 Ke7 11. Nxc4 Bd7 12. a3 a6 13. b4 Ba7 14. Bf4 Ne8
15. Nfe5 Nxe5 16. Nxe5 Bc8 17. Rfd1 f6 18. Nc4 g5 19. Bc1 Rb8 20. a4 Bd7 21.
Na5 Nd6 22. b5 Bc5 23. Ba3 Bxa3 24. Rxa3 b6 25. Rad3 1-0

[Event "XLI C.to Italiano a squadre Master"]
[Site "Senigallia ITA"]
[Date "2009.05.01"]
[Round "4"]
[White "Palac, Mladen"]
[Black "Olszewski, Michal"]
[Result "1/2-1/2"]
[WhiteElo "2571"]
[BlackElo "2538"]
[PlyCount "33"]
[EventDate "2009.04.30"]

1. e4 c5 2. Nf3 d6 3. Nc3 Nf6 4. e5 dxe5 5. Nxe5 e6 6. d3 Nbd7 7. Nc4 Nb6 8. g3
Be7 9. Bg2 O-O 10. O-O Nbd5 11. Ne3 Nxc3 12. bxc3 Nd5 13. Nxd5 exd5 14. Rb1 b6
15. c4 Be6 16. Qf3 dxc4 17. Re1 1/2-1/2

[Event "XLI C.to Italiano a squadre Master"]
[Site "Senigallia ITA"]
[Date "2009.05.01"]
[Round "4"]
[White "Parpinel, Marco"]
[Black "Manca, Federico"]
[Result "1-0"]
[WhiteElo "2148"]
[BlackElo "2373"]
[PlyCount "73"]
[EventDate "2009.04.30"]

1. e4 d6 2. d4 Nf6 3. Nc3 g6 4. Bg5 c6 5. f4 Qb6 6. Rb1 Bg7 7. Nf3 Bg4 8. Qd2
Nbd7 9. Be2 Bxf3 10. Bxf3 e5 11. fxe5 dxe5 12. d5 O-O 13. Be3 Qc7 14. O-O Rfe8
15. Be2 Nb6 16. Bg5 Qd6 17. dxc6 Qxd2 18. Bxd2 bxc6 19. Rbd1 Nfd7 20. Be3 Bf8
21. Bg4 Nc4 22. Bxd7 Nxe3 23. Bxc6 Bc5 24. Kh1 Nxf1 25. Rxf1 Rab8 26. Bxe8 Rxe8
27. Nd5 Rd8 28. b4 Bb6 29. c4 Bd4 30. c5 Kf8 31. g4 Ke8 32. Rf6 a5 33. a3 Bb2
34. c6 Bxa3 35. c7 Rc8 36. b5 Be7 37. b6 1-0

[Event "XLI C.to Italiano a squadre Master"]
[Site "Senigallia ITA"]
[Date "2009.05.01"]
[Round "4"]
[White "Piscopo, Pierluigi"]
[Black "Macieja, Bartlomiej"]
[Result "1/2-1/2"]
[WhiteElo "2405"]
[BlackElo "2601"]
[PlyCount "67"]
[EventDate "2009.04.30"]

1. e4 c6 2. d4 d5 3. exd5 cxd5 4. Bd3 Nc6 5. c3 Nf6 6. Bf4 Bg4 7. Qb3 Qc8 8.
Nd2 e6 9. Ngf3 Be7 10. O-O Bh5 11. Rae1 Nd7 12. Re3 a6 13. a4 Bg6 14. Bxg6 hxg6
15. Rfe1 Na5 16. Qc2 O-O 17. h4 Nc4 18. Nxc4 Qxc4 19. Qd1 Rfe8 20. h5 gxh5 21.
Nd2 Qa2 22. Qxh5 g6 23. Rg3 Bf6 24. Rxg6+ fxg6 25. Qxg6+ Bg7 26. Rxe6 Rxe6 27.
Qxe6+ Kh8 28. Qh3+ Kg8 29. Qxd7 Qxb2 30. Qxd5+ Kh8 31. Qh5+ Kg8 32. Qd5+ Kh8
33. Qh5+ Kg8 34. Qd5+ 1/2-1/2

[Event "XLI C.to Italiano a squadre Master"]
[Site "Senigallia ITA"]
[Date "2009.05.01"]
[Round "4"]
[White "Provera, Emanuele"]
[Black "Franchini, Gabriele"]
[Result "0-1"]
[WhiteElo "2136"]
[BlackElo "2212"]
[PlyCount "76"]
[EventDate "2009.04.30"]

1. d4 Nf6 2. c4 c5 3. d5 b5 4. cxb5 a6 5. b6 d6 6. Nc3 Nbd7 7. Nf3 g6 8. e4 Bg7
9. Be2 O-O 10. Nd2 Nxb6 11. a4 a5 12. O-O Ne8 13. Bb5 Bd7 14. Qe2 Nc7 15. Ra3
Qe8 16. Bxd7 Qxd7 17. Nb5 Nxb5 18. axb5 Rfb8 19. Nb1 Nc8 20. Nc3 Bxc3 21. bxc3
Qxb5 22. c4 Qe8 23. f4 a4 24. Qc2 Rb4 25. f5 Nb6 26. Rc3 Nd7 27. Ba3 Rb3 28.
Rxb3 axb3 29. Qxb3 Qb8 30. Qh3 Ne5 31. fxg6 hxg6 32. Bc1 Ra1 33. Qh4 Qb7 34.
Qf4 Rb1 35. h4 Qd7 36. h5 Qg4 37. hxg6 Qxg6 38. Qh4 Rxc1 0-1

[Event "XLI C.to Italiano a squadre Master"]
[Site "Senigallia ITA"]
[Date "2009.05.01"]
[Round "4"]
[White "Rombaldoni, Axel"]
[Black "Costantini, Roberto"]
[Result "1-0"]
[WhiteElo "2363"]
[BlackElo "2304"]
[PlyCount "85"]
[EventDate "2009.04.30"]

1. e4 c5 2. Nf3 d6 3. d4 cxd4 4. Nxd4 Nf6 5. Nc3 a6 6. Be3 e5 7. Nb3 Be6 8. Nd5
Nbd7 9. f3 Nxd5 10. exd5 Bf5 11. Be2 Be7 12. Qd2 Bg6 13. O-O O-O 14. Na5 Qc7
15. c4 Bf6 16. Rac1 b6 17. Nc6 a5 18. b3 Nc5 19. Rce1 Bf5 20. Bg5 Bxg5 21. Qxg5
Bd7 22. Ne7+ Kh8 23. f4 f6 24. Qh4 Rfe8 25. Nc6 Bxc6 26. dxc6 Kg8 27. a3 e4 28.
b4 axb4 29. axb4 Nb3 30. Rd1 Qxc6 31. Qh3 Ra3 32. Qc3 Kh8 33. Rb1 Ra2 34. Rb2
Qa4 35. Bd1 Rxb2 36. Qxb2 Qxb4 37. Qxb3 Qc5+ 38. Kh1 Ra8 39. Be2 h6 40. f5 Ra3
41. Qb2 h5 42. Bxh5 Qxc4 43. Rc1 1-0

[Event "XLI C.to Italiano a squadre Master"]
[Site "Senigallia ITA"]
[Date "2009.05.01"]
[Round "4"]
[White "Rombaldoni, Denis"]
[Black "Rusev, Krasimir"]
[Result "1/2-1/2"]
[WhiteElo "2442"]
[BlackElo "2498"]
[PlyCount "67"]
[EventDate "2009.04.30"]

1. d4 d5 2. c4 c6 3. Nf3 Nf6 4. Nc3 dxc4 5. a4 Bf5 6. e3 e6 7. Bxc4 Bb4 8. O-O
Nbd7 9. Qe2 O-O 10. e4 Bg6 11. Bd3 Bh5 12. e5 Nd5 13. Nxd5 cxd5 14. Qe3 Be7 15.
Ng5 Bxg5 16. Qxg5 Bg6 17. Be2 Nb8 18. Qxd8 Rxd8 19. a5 Nc6 20. Be3 a6 21. Rfc1
Rdc8 22. h4 h6 23. Rc3 Nb4 24. Bd2 Nc2 25. Rc1 Rxc3 26. Bxc3 Rc8 27. Rd1 Na3
28. Bb4 Rc2 29. Rd2 Rc1+ 30. Rd1 Rc2 31. Bxa6 bxa6 32. Bxa3 h5 33. Kf1 Be4 34.
Kg1 1/2-1/2